000 00328nam a22001337a 4500
008 170724b xxu||||| |||| 00| 0 eng d
020 _a9780672321016
041 _aeng
080 _a004
100 _a29
101 _aSHKI
245 _aALISON BATLER'S MASTERING ACCESS 2002 DESKTOP DEVELOPMENT
_cHUNKLE, CH
942 _2udc
_cBK
999 _c21794
_d21794